Statistiques concernant GéoGuessr - Devinez la capitale européenne par image

Cliquez ici pour prendre le quiz!

Statistiques générales

  • Ce quiz a été pris 167 fois
  • Le résultat moyen est 4 sur 9

Statistiques - réponses

Réponse% Correct
Paris
88%
Amsterdam
77%
Lisbonne
56%
Berlin
51%
Athènes
45%
Prague
32%
Dublin
22%
Oslo
22%
Sarajevo
9%

Distribution des résultats

Percentile par nombre de réponses

% des personnes avec chaque résultat

Votre développement - résultats

Vous n’avez pas pris ce quiz